00918nam a2200253 a 450000100100000000500170001000800410002704000250006808200240009310000270011724500710014425000120021526000360022730000210026350000380028465000370032265000370035965000410039665000450043765000340048204900090051695201220052599900170064700001760420200929165151.0100329s1984 dr 000 0 spa d aDO-SdBNPbspacBNPHU a651.75bC965c, 19921 aCuello, Antonio92061010aCurso completo de correspondencia y redacción /cAntonio Cuello. a14a ed. aSanto Domingo :bTaller,c1984. a177 p. ;c21 cm. aIncluye notas al pie de páginas 4aCorrespondencia técnica938396 4aCorrespondencia comercial938389 4aEspañolxEstiloxRetórica919120 4aRedacción de escritos técnicos91600 4aDocumentos comerciales938390 aBNPD 0010718PDaPDbPDcCTd2010-03-29iLF1l0o651.75 C965c, 1992p17604-10r2020-06-25w2020-06-25yLFPDZNo se presta c17129d17129